000 00618nam a2200229 i 4500
001 93947
003 ES-MaACL
005 20230906181342.0
007 t|
008 050422s1965 mx ||||1| spa d
080 _a860(72)-311.2"19"
100 1 _aLópez Páez, Jorge.
_973856
245 1 0 _aPepe Prida :
_brécit vécu /
_cJorge López Páez.
250 _a1ª ed.
260 _aMéxico :
_bJoaquín Mortiz,
_c1965.
300 _a118 p. ;
_c18 cm.
490 1 _aSerie del volador
830 1 _aSerie del volador
_9181075
852 4 _aES-MaACL
_jE-10059
852 4 _aES-MaACL
_jE-10118
999 _c93947
_d93947